000
00304nam a22001337a 4500
008
171009b xxu||||| |||| 00| 0 eng d
020
_a
047160626-X
041
_a
eng
080
_a
159.9
100
_a
49
101
_a
PSI
245
_a
RESEARCH METHODS IN PSYCHOPATHOLOGY
_c
MILLON,TH
942
_2
udc
_c
BK
999
_c
32573
_d
32573